[Event "CHI-chT"]
[Site "Santiago de Chile"]
[Date "2019.09.12"]
[Round "2.1"]
[White "Catalan Roman, Francisco"]
[Black "Chavez Dinamarca, Bastian"]
[Result "1-0"]
[WhiteElo "2059"]
[BlackElo "2076"]
[PlyCount "47"]
[EventDate "2019.09.05"]
[EventType "team-swiss"]
[EventRounds "9"]
[EventCountry "CHI"]
[SourceTitle "CBM 193 Extra"]
[Source "ChessBase"]
[SourceDate "2020.01.31"]
[SourceVersion "1"]
[SourceVersionDate "2020.01.31"]
[SourceQuality "1"]
[WhiteTeam "Chess Maipu"]
[BlackTeam "Rafael Sotomayor CC"]
[WhiteTeamCountry "CHI"]
[BlackTeamCountry "CHI"]

1. d4 Nf6 2. c4 e6 3. g3 d5 4. Bg2 Be7 5. Nf3 0-0 6. 0-0 dxc4 7. Ne5 Nc6 8. Nxc6 bxc6 9. e3 Rb8 10. Qc2 c5 11. Rd1 Qd6 12. Nd2 cxd4 13. Nxc4 Qc5 14. b3 dxe3 15. Bxe3 Qh5 16. Bxa7 Rb7 17. Bd4 Nd5 18. Ne3 c5 19. Nxd5 exd5 20. Bxc5 Rc7 21. Rxd5 Qg4 22. Re1 Bb7 23. Rxe7 Bxd5 24. Rxc7 1-0

[Event "CHI-chT"]
[Site "Santiago de Chile"]
[Date "2019.09.05"]
[Round "1.1"]
[White "Larrain Cortes, Cristian"]
[Black "Catalan Roman, Francisco"]
[Result "0-1"]
[WhiteElo "2103"]
[BlackElo "2059"]
[PlyCount "116"]
[EventDate "2019.09.05"]
[EventType "team-swiss"]
[EventRounds "9"]
[EventCountry "CHI"]
[SourceTitle "CBM 193 Extra"]
[Source "ChessBase"]
[SourceDate "2020.01.31"]
[SourceVersion "1"]
[SourceVersionDate "2020.01.31"]
[SourceQuality "1"]
[WhiteTeam "La Florida CC"]
[BlackTeam "Chess Maipu"]
[WhiteTeamCountry "CHI"]
[BlackTeamCountry "CHI"]

1. e4 c5 2. Nf3 e6 3. d3 Nc6 4. g3 g6 5. Bg2 Bg7 6. 0-0 Nge7 7. Re1 d6 8. Nbd2 0-0 9. Nf1 b5 10. e5 Bb7 11. exd6 Qxd6 12. N1d2 Qc7 13. a4 a6 14. Nb3 Nd4 15. Bf4 Nxf3+ 16. Bxf3 Bxf3 17. Qxf3 Qc6 18. Qxc6 Nxc6 19. c3 b4 20. Rec1 bxc3 21. bxc3 c4 22. dxc4 Ne5 23. Bxe5 Bxe5 24. Nc5 Ra7 25. Nd3 Bd6 26. Rd1 Rc8 27. Nb2 Be5 28. Rd3 Rb7 29. Ra2 Rb3 30. Kg2 Rxc3 31. Rxc3 Bxc3 32. Nd1 Bd4 33. Rc2 Kf8 34. Kf3 Ke7 35. Ke4 Bc5 36. Rb2 Rc7 37. Rb3 Rd7 38. Ne3 f5+ 39. Kf3 g5 40. h3 h5 41. Ke2 Kf6 42. Nd1 Rd4 43. Nb2 h4 44. gxh4 Rxh4 45. Kf1 Rf4 46. f3 Rh4 47. Kg2 Rd4 48. Rd3 Ke5 49. Rxd4 Kxd4 50. f4 gxf4 51. h4 e5 52. h5 Bf8 53. Kf3 Bh6 54. a5 e4+ 55. Kf2 f3 56. Nd1 f4 57. Nb2 Bg5 58. Kf1 e3 0-1

[Event "Arica op 4th"]
[Site "Arica"]
[Date "2017.12.11"]
[Round "2"]
[White "Catalan Roman, Francisco"]
[Black "Di Berardino, Diego Rafael"]
[Result "0-1"]
[WhiteElo "2087"]
[BlackElo "2511"]
[PlyCount "34"]
[EventDate "2017.12.10"]
[EventType "swiss"]
[EventRounds "10"]
[EventCountry "CHI"]
[SourceTitle "CBM 182 Extra"]
[Source "ChessBase"]
[SourceDate "2018.02.23"]
[SourceVersion "1"]
[SourceVersionDate "2018.02.23"]
[SourceQuality "1"]

1. g3 c5 2. Bg2 Nc6 3. c4 g6 4. Nc3 Bg7 5. e4 e6 6. Nge2 Nge7 7. 0-0 0-0 8. d3 d6 9. Be3 Nd4 10. Qd2 Nec6 11. f3 a6 12. Rab1 b5 13. Kh1 Qa5 14. b3 Rb8 15. Rfd1 b4 16. Na4 Nxe2 17. Qxe2 Nd4 0-1